[Event "Kieler Open 2015 Gruppe B"]
[Site "Kiel"]
[Date "2015.07.26"]
[Round "4.19"]
[White "Hogreve, Holger"]
[Black "Dambrowski, Ralf"]
[Result "1/2-1/2"]
[WhiteElo "1514"]
[BlackElo "1335"]
[PlyCount "112"]
[EventDate "2015.??.??"]
[WhiteTeam "Eckernförder SC"]
[BlackTeam "Agon NMS"]

1. Nf3 d5 2. d4 Nf6 3. Bf4 c6 4. Nbd2 Bg4 5. e3 Nbd7 6. Be2 e6 7. c3 c5 8. O-O
Be7 9. Re1 cxd4 10. exd4 Qb6 11. Qb3 O-O 12. Qxb6 Nxb6 13. Bg5 h6 14. Bxf6 Bxf6
15. Bd3 Bxf3 16. Nxf3 Rac8 17. Nd2 Rc7 18. Nb3 Rfc8 19. Re2 Be7 20. Rae1 Nc4
21. Rb1 b6 22. Nd2 Nxd2 23. Rxd2 Bg5 24. Re2 Rb8 25. g3 b5 26. a3 a5 27. h4 Bf6
28. Rc2 b4 29. axb4 axb4 30. Rbc1 bxc3 31. bxc3 Rbc8 32. Kg2 e5 33. dxe5 Bxe5
34. c4 d4 35. Re1 Rc5 36. Rce2 f6 37. f4 Bd6 38. Re4 Ra5 39. Rxd4 Ra2+ 40. Kf3
Bc5 41. Rde4 Rf2+ 42. Kg4 f5+ 43. Kxf5 Rf8+ 44. Kg4 h5+ 45. Kxh5 Rf3 46. Re5
Rxd3 47. Rxc5 Rxg3 48. Rg5 Rc3 49. Reg1 Rf7 50. c5 Rc7 51. R1g2 R3xc5 52. Rxc5
Rxc5+ 53. Rg5 Rc6 54. f5 Kf7 55. Rg6 Rxg6 56. fxg6+ Kf6 1/2-1/2

[Event "Kieler Open 2015 Gruppe B"]
[Site "Kiel"]
[Date "2015.07.26"]
[Round "4.20"]
[White "Degenhardt, Andreas"]
[Black "Brockmann, Werner"]
[Result "1-0"]
[WhiteElo "1762"]
[BlackElo "1360"]
[PlyCount "84"]
[EventDate "2015.??.??"]
[WhiteTeam "SC Lorsch"]
[BlackTeam "Kieler SG"]

1. d4 d5 2. Nf3 Nf6 3. e3 Nc6 4. c4 e6 5. Nc3 Be7 6. a3 Bd7 7. Bd3 O-O 8. O-O
a6 9. Re1 Re8 10. Qc2 Na5 11. cxd5 exd5 12. Bd2 Nc4 13. Nxd5 Nxd2 14. Nxe7+
Qxe7 15. Nxd2 Rac8 16. b4 Qd6 17. Nf3 Bc6 18. e4 Qf4 19. Ne5 Ng4 20. g3 Qh6 21.
Nxg4 Qh3 22. Ne5 Re6 23. Bf1 Qh5 24. Be2 Qh3 25. Bg4 Qh6 26. Bxe6 fxe6 27. Nxc6
bxc6 28. Qxc6 Rf8 29. Qxc7 Qf6 30. Qc2 Qxd4 31. Rad1 Qf6 32. Rd6 Qe5 33. Qc5
Qb2 34. Rxa6 h6 35. b5 Qd2 36. Qe3 Qd7 37. b6 Qb7 38. Ra7 Qc6 39. Rc1 Qb5 40.
Rcc7 Qe5 41. Rxg7+ Qxg7 42. Rxg7+ Kxg7 1-0

[Event "Kieler Open 2015 Gruppe B"]
[Site "Kiel"]
[Date "2015.07.26"]
[Round "4.21"]
[White "Bunke, Mike"]
[Black "Kaminski, Thorsten"]
[Result "1/2-1/2"]
[WhiteElo "1453"]
[BlackElo "1300"]
[PlyCount "78"]
[EventDate "2015.??.??"]
[WhiteTeam "Schleswiger SV"]
[BlackTeam "Schellhorn"]

1. c4 e5 2. g3 Nc6 3. Bg2 Nf6 4. Nc3 Bb4 5. d3 Bxc3+ 6. bxc3 b6 7. Nf3 Qe7 8.
O-O Bb7 9. a4 a5 10. Ba3 d6 11. d4 O-O-O 12. d5 Nb8 13. Qc2 Nbd7 14. Bh3 Kb8
15. e4 Nc5 16. Nd2 h6 17. Rab1 g5 18. f3 Bc8 19. Bxc8 Kxc8 20. Nb3 h5 21. Nxc5
dxc5 22. Bc1 h4 23. Bxg5 hxg3 24. hxg3 Rh5 25. Bh4 Rg8 26. Kf2 Qd6 27. Ke3 Nh7
28. Qf2 Qd7 29. g4 Rh6 30. Bg3 f6 31. Rh1 Rxh1 32. Rxh1 Ng5 33. Rh5 Qxa4 34.
Kd3 Qd1+ 35. Ke3 Qc1+ 36. Qd2 Qa3 37. Bh4 Qb3 38. Kd3 Qb1+ 39. Qc2 Qf1+ 1/2-1/2

[Event "Kieler Open 2015 Gruppe B"]
[Site "Kiel"]
[Date "2015.07.26"]
[Round "4.22"]
[White "Feldmann, Wolfgang"]
[Black "Farokhi, Keyvan"]
[Result "0-1"]
[WhiteElo "1715"]
[BlackElo "1283"]
[PlyCount "90"]
[EventDate "2015.??.??"]
[WhiteTeam "Heikendorfer SV"]
[BlackTeam "Doppelbauer Kiel"]

1. c4 e5 2. e4 Nf6 3. Nc3 Bc5 4. h3 O-O 5. Nf3 Nc6 6. Be2 d6 7. O-O Be6 8. d3
Qe7 9. Nd5 Bxd5 10. cxd5 Nd4 11. Nxd4 Bxd4 12. Rb1 Rfe8 13. Bd2 Nd7 14. Qc1 Nb6
15. Bg4 Na4 16. Bg5 f6 17. Be3 Bxe3 18. fxe3 Nc5 19. Qd1 a5 20. a3 b5 21. b4
axb4 22. axb4 Na4 23. Qf3 Nc3 24. Rbc1 Na2 25. Rb1 Ra4 26. Ra1 Nxb4 27. d4 Rxa1
28. Rxa1 exd4 29. Be6+ Kh8 30. exd4 Nc2 31. Rc1 Nxd4 32. Qg4 Nxe6 33. dxe6 g6
34. Rb1 Qxe6 35. Qh4 c6 36. Ra1 Qxe4 37. Qxf6+ Kg8 38. Ra7 Qe3+ 39. Kh1 Qxa7
40. Qxd6 Re1+ 41. Kh2 Qg1+ 42. Kg3 Re3+ 43. Kh4 Qf2+ 44. Kg5 Qf5+ 45. Kh4 Qh5#
0-1

[Event "Kieler Open 2015 Gruppe B"]
[Site "Kiel"]
[Date "2015.07.26"]
[Round "4.24"]
[White "Howe, Dietrich"]
[Black "Herrmann, Sabine"]
[Result "1-0"]
[WhiteElo "1667"]
[BlackElo "1588"]
[PlyCount "65"]
[EventDate "2015.??.??"]
[WhiteTeam "Kaltenkirchen"]
[BlackTeam "SF Hamburg"]

1. Nf3 Nc6 2. d4 d5 3. e3 e6 4. c3 Bd6 5. Bd3 Nge7 6. O-O Ng6 7. Nbd2 Nce7 8.
e4 O-O 9. e5 Bxe5 10. Nxe5 f6 11. Nxg6 hxg6 12. Nf3 Kf7 13. Re1 Rh8 14. Qc2 Qd6
15. g3 g5 16. Kg2 Bd7 17. Bxg5 fxg5 18. Nxg5+ Ke8 19. Qe2 Rh6 20. Qf3 Rf6 21.
Qh5+ g6 22. Qh8+ Rf8 23. Qg7 c5 24. Bxg6+ Nxg6 25. Qxg6+ Kd8 26. Nxe6+ Kc8 27.
Nxf8 Qxf8 28. Re5 cxd4 29. cxd4 Kc7 30. Rc1+ Bc6 31. Qh7+ Kb6 32. Qc2 Rd8 33.
Qf5 {Notation nicht mehr lesbar!} 1-0

[Event "Kieler Open 2015 Gruppe B"]
[Site "Kiel"]
[Date "2015.07.27"]
[Round "5.1"]
[White "Arndt, Magnus"]
[Black "Stolzenwald, Frank"]
[Result "1-0"]
[WhiteElo "1587"]
[BlackElo "1639"]
[PlyCount "81"]
[EventDate "2015.??.??"]
[WhiteTeam "Doppelbauer Kiel"]
[BlackTeam "Hamburger SK"]

1. e4 e5 2. Nf3 d6 3. d4 exd4 4. Nxd4 Nc6 5. Nxc6 bxc6 6. Nc3 Nf6 7. Bc4 Be6 8.
Bxe6 fxe6 9. O-O Be7 10. e5 dxe5 11. Qe2 e4 12. Rd1 Qc8 13. Nxe4 Nxe4 14. Qxe4
c5 15. Qc6+ Kf7 16. Bf4 Rd8 17. Bxc7 Rxd1+ 18. Rxd1 a5 19. Qf3+ Kg8 20. Be5 Ra7
21. Bd6 Bxd6 22. Rxd6 Ra6 23. Qd3 Rxd6 24. Qxd6 Kf7 25. h3 c4 26. Qf4+ Kg8 27.
Qd2 Qc5 28. Qd7 Kf8 29. Qxe6 Qd4 30. Qf5+ Kg8 31. Qxa5 Qd1+ 32. Kh2 Qxc2 33.
Qc3 Qd3 34. a4 Qd6+ 35. g3 Qc5 36. Qe3 Qc6 37. a5 h6 38. Qb6 Qd5 39. a6 Kh7 40.
Qb7 Qc5 41. Kg2 1-0

[Event "Kieler Open 2015 Gruppe B"]
[Site "Kiel"]
[Date "2015.07.27"]
[Round "5.3"]
[White "Salwasser, Christian"]
[Black "Lange, Edgar"]
[Result "1/2-1/2"]
[WhiteElo "1772"]
[BlackElo "1599"]
[PlyCount "106"]
[EventDate "2015.??.??"]
[WhiteTeam "SC Rastatt"]
[BlackTeam "Kieler SG"]

1. e4 e5 2. Nf3 Nc6 3. d4 exd4 4. Bc4 Nf6 5. e5 d5 6. exf6 dxc4 7. Qe2+ Be6 8.
fxg7 Bxg7 9. Bg5 Qd5 10. O-O O-O 11. Rd1 Bg4 12. Bf4 Bxf3 13. gxf3 Rfe8 14. Qf1
Qxf3 15. Bxc7 Rac8 16. Bg3 Qe2 17. Nd2 Qxf1+ 18. Kxf1 b5 19. a4 a6 20. axb5
axb5 21. Re1 Nb4 22. Rec1 d3 23. c3 Nc2 24. Ra5 Bh6 25. Rd1 Re2 26. Nf3 Rc5 27.
Bd6 Rf5 28. Ra8+ Kg7 29. Bf8+ Kf6 30. Ra6+ Re6 31. Rxe6+ fxe6 32. Bxh6 Rxf3 33.
Kg2 Rf5 34. Rb1 Kg6 35. Bd2 Re5 36. Kf3 Re2 37. Rg1+ Kf7 38. Rd1 Kf6 39. Kg3
Kf5 40. Kf3 e5 41. Kg3 e4 42. h4 h5 43. Bg5 e3 44. Rf1 exf2 45. Rxf2+ Rxf2 46.
Kxf2 b4 47. cxb4 Nxb4 48. Ke3 Nc2+ 49. Kd2 Ke4 50. Bf6 Nd4 51. Kd1 Nf3 52. Be7
d2 53. Bf6 Kd3 1/2-1/2

[Event "Kieler Open 2015 Gruppe B"]
[Site "Kiel"]
[Date "2015.07.27"]
[Round "5.4"]
[White "Sowa, Kay"]
[Black "Haye, Robert"]
[Result "1-0"]
[WhiteElo "1689"]
[BlackElo "1449"]
[PlyCount "69"]
[EventDate "2015.??.??"]
[WhiteTeam "Doppelbauer Kiel"]
[BlackTeam "Kieler SG"]

1. d4 Nf6 2. c4 g6 3. Nc3 Bg7 4. e4 d6 5. Nf3 O-O 6. Be2 e5 7. O-O Nc6 8. d5
Ne7 9. b4 a6 10. c5 Ne8 11. Nd2 f5 12. f3 f4 13. a4 g5 14. Ba3 h5 15. Nc4 Ng6
16. b5 dxc5 17. Bxc5 Rf6 18. Qb3 b6 19. Ba3 a5 20. d6 Be6 21. Nd5 Bxd5 22. dxc7
Qxc7 23. exd5 Kh8 24. Rac1 Qb7 25. d6 Rd8 26. Rfd1 Bf8 27. Bd3 Nxd6 28. Bxg6
Rxg6 29. Nxe5 Rg7 30. Rc6 Qb8 31. Qd5 Nf7 32. Nxf7+ Rxf7 33. Qxd8 Qxd8 34. Rxd8
Kg7 35. Rxf8 1-0

[Event "Kieler Open 2015 Gruppe B"]
[Site "Kiel"]
[Date "2015.07.27"]
[Round "5.5"]
[White "Kreutz, Jonas"]
[Black "Kreutz, Ralf"]
[Result "1/2-1/2"]
[WhiteElo "1659"]
[BlackElo "1686"]
[PlyCount "66"]
[EventDate "2015.??.??"]
[WhiteTeam "Königsjäger SW Berlin"]
[BlackTeam "Königsjäger SW Berlin"]

1. e4 e5 2. Nf3 Nc6 3. d4 exd4 4. Bc4 Bb4+ 5. c3 dxc3 6. bxc3 Bc5 7. Bxf7+ Kxf7
8. Qd5+ Ke8 9. Qxc5 d6 10. Qe3 Bg4 11. O-O Qf6 12. Nd4 Ne5 13. f3 Bd7 14. Nd2
Ne7 15. Ba3 c5 16. Nc2 Bb5 17. Rfd1 Nd3 18. c4 Nb2 19. e5 Nxd1 20. exf6 Nxe3
21. Nxe3 gxf6 22. cxb5 Ng6 23. Nd5 Kf7 24. Ne4 Rad8 25. Nexf6 Ne7 26. Nxe7 Kxe7
27. Bb2 Kf7 28. Rd1 Ke6 29. Kf2 h6 30. Kg3 Rhf8 31. Ne4 b6 32. Bg7 Rg8 33. Re1
Rxg7+ 1/2-1/2

[Event "Kieler Open 2015 Gruppe B"]
[Site "Kiel"]
[Date "2015.07.27"]
[Round "5.6"]
[White "Kaiser, Johannes"]
[Black "Weck, Uwe"]
[Result "1-0"]
[WhiteElo "1631"]
[BlackElo "1697"]
[PlyCount "53"]
[EventDate "2015.??.??"]
[WhiteTeam "SG Kiel-Ost"]
[BlackTeam "Kaltenkirchen"]

1. e4 c5 2. Nf3 g6 3. d4 e6 4. dxc5 Qa5+ 5. Bd2 Qxc5 6. Bc3 f6 7. Nbd2 Bg7 8.
Nb3 Qc6 9. Bd3 Ne7 10. Nfd4 Qb6 11. Ba5 Qd6 12. Nb5 Qf4 13. g3 Qe5 14. f4 Qh5
15. Qxh5 gxh5 16. Nc7+ Kf7 17. Nxa8 b6 18. Bc3 Bb7 19. Nc7 f5 20. Bxg7 Kxg7 21.
Nd2 Rc8 22. Nb5 a6 23. Nd4 Nbc6 24. Nxc6 Rxc6 25. O-O b5 26. Rae1 Rc7 27. exf5
1-0

[Event "Kieler Open 2015 Gruppe B"]
[Site "Kiel"]
[Date "2015.07.27"]
[Round "5.7"]
[White "Behrendt, Matthias"]
[Black "Schmieder, Kerstin"]
[Result "0-1"]
[WhiteElo "1501"]
[BlackElo "1700"]
[PlyCount "98"]
[EventDate "2015.??.??"]
[WhiteTeam "Agon NMS"]
[BlackTeam "Rodewischer Schachmiezen"]

1. e4 g6 2. Bc4 Bg7 3. Nf3 d6 4. h3 Nf6 5. d3 b6 6. Nc3 Bb7 7. O-O O-O 8. Bb3
Nbd7 9. Be3 c5 10. Qd2 Qc7 11. a4 e6 12. Ng5 Rad8 13. Nb5 Qb8 14. f4 d5 15. e5
Ne8 16. g4 a6 17. Na3 Qc8 18. c4 d4 19. Bf2 f6 20. exf6 Ndxf6 21. Bd1 h6 22.
Nf3 h5 23. Ne5 Kh7 24. Bh4 Rd6 25. gxh5 Nxh5 26. Be7 Rf5 27. Bxd6 Nxd6 28. Bxh5
Rxh5 29. Qh2 Bxe5 30. fxe5 Rg5+ 31. Kf2 Rg2+ 32. Qxg2 Bxg2 33. Kxg2 Ne8 34. Nc2
Qc7 35. Rfe1 Qg7 36. Re4 Qh6 37. Rd1 Qg5+ 38. Rg4 Ng7 39. Kg3 Nf5+ 40. Kh2 Qh5
41. Rdg1 Ne7 42. R4g3 Qxe5 43. Ne1 Nf5 44. Nf3 Qd6 45. Ng5+ Kg7 46. Ne4 Qf4 47.
Kh1 Nxg3+ 48. Rxg3 Qf1+ 49. Kh2 Qe2+ 0-1

[Event "Kieler Open 2015 Gruppe B"]
[Site "Kiel"]
[Date "2015.07.27"]
[Round "5.8"]
[White "Steffen, Jörn"]
[Black "Wichmann, Gerd"]
[Result "0-1"]
[WhiteElo "1682"]
[BlackElo "1689"]
[PlyCount "82"]
[EventDate "2015.??.??"]
[WhiteTeam "Flintbek"]
[BlackTeam "VHS Rendsburg"]

1. d4 e6 2. c4 d5 3. Nc3 Nf6 4. Nf3 Be7 5. cxd5 exd5 6. Bf4 Bf5 7. Qb3 b6 8. e3
O-O 9. Rc1 Bd6 10. Bxd6 cxd6 11. Nxd5 Nbd7 12. Nb4 Be4 13. Be2 Rc8 14. O-O Rxc1
15. Rxc1 Qb8 16. Ng5 Bb7 17. Nc6 Bxc6 18. Rxc6 d5 19. Qc2 h6 20. Nh3 Ne4 21. f3
Ng5 22. Nxg5 hxg5 23. Qf5 Nf6 24. Bd3 Qe8 25. Rc2 Qxe3+ 26. Kf1 Qxd4 27. Rd2
Qf4 28. Qxf4 gxf4 29. Ba6 Rd8 30. Rd4 g5 31. Bb7 Rd7 32. Bc6 Rd6 33. Bb7 Kg7
34. Ba6 Ne8 35. Rd3 d4 36. Rd2 Nc7 37. Bb7 Ne6 38. Be4 Rd7 39. Ke2 Rc7 40. Kd3
Kf6 41. Bd5 Ke5 0-1

[Event "Kieler Open 2015 Gruppe B"]
[Site "Kiel"]
[Date "2015.07.27"]
[Round "5.9"]
[White "Serbin, Alexander"]
[Black "Draasch, Heiko"]
[Result "0-1"]
[WhiteElo "1517"]
[BlackElo "1618"]
[PlyCount "58"]
[EventDate "2015.??.??"]
[WhiteTeam "Kieler SG"]
[BlackTeam "SG Turm Kiel"]

1. e4 e6 2. Nc3 d5 3. d4 Bb4 4. exd5 exd5 5. Bd2 Ne7 6. Nf3 O-O 7. Bd3 Bf5 8.
Qe2 Re8 9. O-O-O Nec6 10. Qf1 Bxc3 11. Bxc3 Qf6 12. Kb1 Nd7 13. h3 a5 14. g4
Bxd3 15. Qxd3 Nb4 16. Qb5 c6 17. Qxb7 Qxf3 18. Qxd7 Re2 19. Bxb4 axb4 20. Qxc6
Rae8 21. Qb5 Qxf2 22. Qxb4 Rxc2 23. Qb7 Qg2 24. Rhg1 Qe4 25. Ka1 Re2 26. Rgf1
f6 27. a4 Qc2 28. Qxd5+ Kh8 29. a5 Qxb2# 0-1

[Event "Kieler Open 2015 Gruppe B"]
[Site "Kiel"]
[Date "2015.07.27"]
[Round "5.10"]
[White "Bahr, Arne"]
[Black "Hartendauer, Frank"]
[Result "1-0"]
[WhiteElo "1676"]
[BlackElo "1413"]
[PlyCount "111"]
[EventDate "2015.??.??"]
[WhiteTeam "SG Turm Kiel"]
[BlackTeam "Kieler SG"]

1. f4 Nf6 2. Nf3 g6 3. b3 Bg7 4. Bb2 b6 5. e3 Bb7 6. Be2 O-O 7. O-O c5 8. Qe1
d6 9. d3 Nbd7 10. Nbd2 Ng4 11. Bxg7 Kxg7 12. Bd1 e6 13. Ng5 Ngf6 14. e4 h6 15.
Nh3 Qe7 16. Qg3 Rg8 17. Bf3 d5 18. e5 Nh7 19. Nc4 dxc4 20. Bxb7 Rab8 21. Be4
cxd3 22. Bxd3 Kh8 23. Rad1 Ndf8 24. Nf2 h5 25. h4 Rd8 26. Ne4 Rg7 27. Be2 Rxd1
28. Rxd1 Kg8 29. c4 Kh8 30. Kh2 Kg8 31. Kh3 Kh8 32. Qd3 Rg8 33. Qd8 Qxd8 34.
Rxd8 Kg7 35. Nd6 f6 36. Nc8 fxe5 37. fxe5 g5 38. Bxh5 gxh4 39. Ne7 Rh8 40. Kg4
Kh6 41. Rc8 Kg7 42. a3 Nd7 43. Kf4 Rf8+ 44. Rxf8 Nhxf8 45. Nc8 Ng6+ 46. Bxg6
Kxg6 47. Nxa7 Kh5 48. Nc6 Nf8 49. Ne7 Nd7 50. Ng8 Kg6 51. Ne7+ Kh5 52. b4 cxb4
53. axb4 Kh6 54. Nc6 Kh5 55. Nd4 Nf8 56. c5 1-0

[Event "Kieler Open 2015 Gruppe B"]
[Site "Kiel"]
[Date "2015.07.27"]
[Round "5.11"]
[White "Korte, Andreas"]
[Black "Degenhardt, Andreas"]
[Result "0-1"]
[WhiteElo "1354"]
[BlackElo "1762"]
[PlyCount "64"]
[EventDate "2015.??.??"]
[WhiteTeam "Raisdorfer SG"]
[BlackTeam "SC Lorsch"]

1. e4 c6 2. d4 d5 3. exd5 cxd5 4. Bd3 Nf6 5. a3 Nc6 6. c3 e6 7. Bf4 Bd6 8. Bxd6
Qxd6 9. Nf3 O-O 10. O-O Re8 11. Re1 a6 12. Nbd2 b6 13. Ne5 a5 14. Ndf3 h6 15.
g4 Nd7 16. Nxc6 Qxc6 17. Ne5 Nxe5 18. Rxe5 g6 19. Qd2 Kg7 20. g5 h5 21. Qf4 Qc7
22. Qf6+ Kh7 23. Rae1 Bb7 24. R1e3 Qe7 25. Qf4 Bc6 26. Rf3 Kg7 27. Qh4 Rf8 28.
Rf4 f6 29. gxf6+ Rxf6 30. Bxg6 Rxg6+ 31. Rg5 Qxg5+ 32. Qxg5 Rxg5+ 0-1

[Event "Kieler Open 2015 Gruppe B"]
[Site "Kiel"]
[Date "2015.07.27"]
[Round "5.13"]
[White "Pöschmann, Jaro"]
[Black "Paolella, Finnley"]
[Result "0-1"]
[WhiteElo "1666"]
[BlackElo "1286"]
[PlyCount "74"]
[EventDate "2015.??.??"]
[WhiteTeam "Bad Schwartau"]
[BlackTeam "Doppelbauer Kiel"]

1. d4 d5 2. c4 e6 3. Nc3 Nf6 4. Nf3 b6 5. Bg5 Be7 6. e3 O-O 7. cxd5 Nxd5 8.
Nxd5 exd5 9. Bxe7 Qxe7 10. Bd3 Qb4+ 11. Qd2 Qxd2+ 12. Kxd2 c5 13. b3 Be6 14.
Rac1 Nd7 15. Rc3 cxd4 16. Nxd4 Rac8 17. Rhc1 Rxc3 18. Rxc3 Nc5 19. b4 Ne4+ 20.
Bxe4 dxe4 21. Nxe6 fxe6 22. Ke2 b5 23. Rc5 Rb8 24. Re5 Rc8 25. Rc5 Rxc5 26.
bxc5 Kf7 27. Kd2 a5 28. Kc3 e5 29. f3 Ke6 30. fxe4 Kd7 31. a3 Kc6 32. h3 Kxc5
33. Kb3 h6 34. Kc3 a4 35. Kb2 Kc4 36. Kc2 b4 37. Kb2 b3 0-1

[Event "Kieler Open 2015 Gruppe B"]
[Site "Kiel"]
[Date "2015.07.27"]
[Round "5.14"]
[White "Birkholz, Frank"]
[Black "Zielke, Bernd"]
[Result "1-0"]
[WhiteElo "1571"]
[BlackElo "1662"]
[PlyCount "99"]
[EventDate "2015.??.??"]
[WhiteTeam "Kieler SG"]
[BlackTeam "TuS Holtenau"]

1. e4 d5 2. exd5 Qxd5 3. Nc3 Qd8 4. d4 Bf5 5. Nf3 e6 6. Bc4 c6 7. Bf4 Nf6 8. h3
h6 9. Qd2 Ne4 10. Nxe4 Bxe4 11. O-O-O Nd7 12. Qe3 Bxf3 13. Qxf3 Nb6 14. Bb3 Bd6
15. Rhe1 Nd5 16. Be5 Bxe5 17. Rxe5 O-O 18. g4 Qf6 19. Bxd5 cxd5 20. Qxf6 gxf6
21. Re3 Kg7 22. f4 Kg6 23. f5+ Kg5 24. fxe6 Rae8 25. Rde1 fxe6 26. Rxe6 Rxe6
27. Rxe6 Kh4 28. Re3 Rf7 29. Kd2 h5 30. gxh5 Kxh5 31. Ke2 Kh4 32. Kf2 Rg7 33.
Rf3 Rg6 34. c3 f5 35. Rxf5 Kxh3 36. Rh5+ Kg4 37. Rxd5 Rb6 38. b3 Kf4 39. Ke2
Re6+ 40. Kd3 a6 41. Kc4 b6 42. Rh5 Rd6 43. Re5 Rc6+ 44. Kd3 b5 45. Re8 Rd6 46.
c4 bxc4+ 47. bxc4 Kf5 48. c5 Rh6 49. Kc4 Rh2 50. a4 1-0

[Event "Kieler Open 2015 Gruppe B"]
[Site "Kiel"]
[Date "2015.07.27"]
[Round "5.15"]
[White "Farokhi, Keyvan"]
[Black "Kathage, Holger"]
[Result "0-1"]
[WhiteElo "1283"]
[BlackElo "1650"]
[PlyCount "56"]
[EventDate "2015.??.??"]
[WhiteTeam "Doppelbauer Kiel"]
[BlackTeam "Kiel"]

1. e4 c5 2. Nf3 e6 3. d4 cxd4 4. Nxd4 a6 5. Nc3 d6 6. Be3 Nf6 7. f3 Be7 8. Qd2
O-O 9. O-O-O Qc7 10. g4 Nbd7 11. h4 b5 12. h5 b4 13. Nce2 d5 14. g5 Ne8 15.
exd5 Nd6 16. dxe6 Ne5 17. exf7+ Rxf7 18. Nf4 Ndc4 19. Qe1 Nxe3 20. Qxe3 Bxg5
21. Nde2 Bf5 22. Qb3 Rc8 23. Rd2 Nc4 24. Rd4 Na5 25. Qxf7+ Kxf7 26. c3 bxc3 27.
bxc3 Qb7 28. Rd5 Qxd5 0-1

[Event "Kieler Open 2015 Gruppe B"]
[Site "Kiel"]
[Date "2015.07.27"]
[Round "5.16"]
[White "Westphal-Stubbe, Siegbert"]
[Black "Bunke, Mike"]
[Result "0-1"]
[WhiteElo "1822"]
[BlackElo "1453"]
[PlyCount "120"]
[EventDate "2015.??.??"]
[WhiteTeam "SG Plöner See"]
[BlackTeam "Schleswiger SV"]

1. d4 Nf6 2. c4 g6 3. Nc3 Bg7 4. e4 d6 5. Be2 O-O 6. Nf3 e6 7. O-O c5 8. d5
exd5 9. cxd5 Re8 10. Nd2 Nbd7 11. f3 a6 12. a4 Nh5 13. Nc4 Ne5 14. Nxe5 Bxe5
15. f4 Bd4+ 16. Kh1 Nf6 17. Bf3 Bxc3 18. bxc3 Nxe4 19. c4 Qh4 20. Bxe4 Rxe4 21.
g3 Qf6 22. Ra3 Rxc4 23. Qd2 Bf5 24. Bb2 Be4+ 25. Kg1 Qf5 26. Rc3 Qxd5 27. Qxd5
Bxd5 28. Rxc4 Bxc4 29. Rd1 Rd8 30. a5 d5 31. Kf2 Re8 32. Rd2 d4 33. Ba3 Rc8 34.
Ke1 Kg7 35. Rc2 Re8+ 36. Kf2 d3 37. Rd2 Rc8 38. Bb2+ Kf8 39. Bc3 Bb5 40. Rb2 c4
41. Rb1 Re8 42. Bb4+ Kg7 43. Bc3+ f6 44. Re1 Rxe1 45. Bxe1 Kf7 46. Ke3 Ke6 47.
Bb4 Kd5 48. Kd2 Kd4 49. Bc3+ Ke4 50. Bxf6 Kf3 51. Bc3 Kg2 52. g4 Kxh2 53. f5
gxf5 54. gxf5 Be8 55. Ke3 h5 56. Kd4 Bf7 57. Ke4 Kg2 58. Ke3 h4 59. Be5 h3 60.
f6 h2 0-1

[Event "Kieler Open 2015 Gruppe B"]
[Site "Kiel"]
[Date "2015.07.27"]
[Round "5.17"]
[White "Dambrowski, Ralf"]
[Black "Plichta, Reiner"]
[Result "0-1"]
[WhiteElo "1335"]
[BlackElo "1811"]
[PlyCount "68"]
[EventDate "2015.??.??"]
[WhiteTeam "Agon NMS"]
[BlackTeam "Kiel"]

1. d4 Nf6 2. c4 g6 3. Nc3 d5 4. cxd5 Nxd5 5. e4 Nxc3 6. bxc3 Bg7 7. Bc4 c5 8.
Ne2 cxd4 9. cxd4 Nc6 10. e5 b5 11. Bd3 O-O 12. O-O Nxd4 13. Nxd4 Qxd4 14. Rb1
Rd8 15. Be2 a6 16. Qxd4 Rxd4 17. Bf3 Rb8 18. Bb2 Rd8 19. Rbc1 Be6 20. a4 Bc4
21. Rfe1 e6 22. axb5 axb5 23. Rcd1 Bf8 24. Rxd8 Rxd8 25. Rd1 Rxd1+ 26. Bxd1 Bb4
27. f4 Bc5+ 28. Kh1 Be3 29. h3 Bxf4 30. Bf3 Bd2 31. Bd1 b4 32. g4 Bc3 33. Bxc3
bxc3 34. Kg2 Bd3 0-1

[Event "Kieler Open 2015 Gruppe B"]
[Site "Kiel"]
[Date "2015.07.27"]
[Round "5.18"]
[White "Hogreve, Holger"]
[Black "Müller, Richard"]
[Result "1/2-1/2"]
[WhiteElo "1514"]
[BlackElo "1317"]
[PlyCount "49"]
[EventDate "2015.??.??"]
[WhiteTeam "Eckernförder SC"]
[BlackTeam "Nickelhütte Aue"]

1. Nf3 d5 2. d4 Nf6 3. Bf4 Nc6 4. e3 Bf5 5. Nbd2 e6 6. c3 Bd6 7. Bxd6 Qxd6 8.
Be2 O-O 9. h3 Rfe8 10. O-O Rad8 11. c4 b6 12. a3 e5 13. dxe5 Nxe5 14. Nxe5 Qxe5
15. Qb3 Ne4 16. Nf3 dxc4 17. Bxc4 Qf6 18. Rad1 Nc5 19. Qa2 Be6 20. Bxe6 Nxe6
21. b4 h6 22. Qb3 c5 23. Rxd8 Rxd8 24. bxc5 Nxc5 25. Qc4 1/2-1/2

[Event "Kieler Open 2015 Gruppe B"]
[Site "Kiel"]
[Date "2015.07.27"]
[Round "5.19"]
[White "Dao, Joerg"]
[Black "Pick, Max"]
[Result "1-0"]
[WhiteElo "1465"]
[BlackElo "840"]
[PlyCount "61"]
[EventDate "2015.??.??"]
[WhiteTeam "vereinslos"]
[BlackTeam "Kerpen"]

1. h4 d5 2. d4 c5 3. c3 Nc6 4. f3 Nf6 5. g4 h6 6. Be3 Qc7 7. Bf2 e5 8. e3 exd4
9. exd4 Be6 10. Bd3 Bd6 11. Ne2 c4 12. Bc2 O-O-O 13. Kf1 g5 14. h5 Rhe8 15. Kg2
Nd7 16. Ng3 Qb6 17. Qc1 Bf4 18. Nd2 Re7 19. b4 Rde8 20. Re1 Nxb4 21. cxb4 Qxb4
22. Be3 c3 23. Ndf1 Nb6 24. Rb1 Qd6 25. Bb3 Nc4 26. Bxc4 dxc4 27. Qxc3 Bd5 28.
Nf5 Qd7 29. Nxe7+ Rxe7 30. Bxf4 gxf4 31. Nh2 1-0

[Event "Kieler Open 2015 Gruppe B"]
[Site "Kiel"]
[Date "2015.07.27"]
[Round "5.20"]
[White "Petersen, Kay"]
[Black "Brockmann, Werner"]
[Result "0-1"]
[WhiteElo "1758"]
[BlackElo "1360"]
[PlyCount "102"]
[EventDate "2015.??.??"]
[WhiteTeam "Heikendorfer SV"]
[BlackTeam "Kieler SG"]

1. d4 d5 2. e3 Nc6 3. c4 Nf6 4. Nc3 Bf5 5. Bd3 Ne4 6. Bxe4 dxe4 7. f3 exf3 8.
Nxf3 g6 9. e4 Bg4 10. d5 Ne5 11. O-O Nxf3+ 12. gxf3 Bh3 13. Rf2 Bg7 14. Bf4 O-O
15. Rb1 e5 16. Bg3 f5 17. exf5 Rxf5 18. Ne4 Qe7 19. b4 h5 20. Rc2 Raf8 21. Rb3
h4 22. Be1 g5 23. b5 Qf7 24. Bb4 Rd8 25. Rf2 Bf8 26. Bd2 Be7 27. Qc1 Qh5 28.
Qd1 Rdf8 29. Kh1 g4 30. Qg1 Kh8 31. fxg4 Bxg4 32. h3 Bf3+ 33. Rfxf3 Rxf3 34.
Rxf3 Qxf3+ 35. Qg2 Qd1+ 36. Kh2 Rg8 37. Qf2 Qc2 38. c5 Qxe4 39. d6 cxd6 40.
cxd6 Bxd6 41. Qf6+ Rg7 42. Qh6+ Kg8 43. Qe6+ Kh8 44. Qh6+ Qh7 45. Qxd6 Qg6 46.
Qd8+ Rg8 47. Qxh4+ Qh7 48. Qf6+ Rg7 49. Qxe5 Qg6 50. Qe2 Qg3+ 51. Kh1 Qg1# 0-1

[Event "Kieler Open 2015 Gruppe B"]
[Site "Kiel"]
[Date "2015.07.27"]
[Round "5.21"]
[White "Kaminski, Thorsten"]
[Black "Kaltschmidt, Andreas"]
[Result "1/2-1/2"]
[WhiteElo "1300"]
[BlackElo "1535"]
[PlyCount "57"]
[EventDate "2015.??.??"]
[WhiteTeam "Schellhorn"]
[BlackTeam "Weiden"]

1. e4 e5 2. Nf3 Nf6 3. Nc3 Bb4 4. Bc4 Nc6 5. d3 O-O 6. Bd2 d6 7. O-O Bg4 8. h3
Bxf3 9. Qxf3 Nd4 10. Qd1 c6 11. a3 Ba5 12. b4 Bc7 13. Ne2 d5 14. exd5 cxd5 15.
Ba2 Ne6 16. Ng3 Qd7 17. Bc3 Rfe8 18. Re1 Nf8 19. Qf3 Ng6 20. Qf5 Qc6 21. Bd2 e4
22. Nh5 Rad8 23. Nxf6+ gxf6 24. dxe4 dxe4 25. Bh6 Be5 26. Rac1 Bc3 27. Re2 Rd5
28. Qg4 Qb5 29. Rxe4 1/2-1/2

[Event "Kieler Open 2015 Gruppe B"]
[Site "Kiel"]
[Date "2015.07.27"]
[Round "5.22"]
[White "McDonald, Margaret"]
[Black "Howe, Dietrich"]
[Result "0-1"]
[WhiteElo "1279"]
[BlackElo "1667"]
[PlyCount "70"]
[EventDate "2015.??.??"]
[WhiteTeam "Tour Blanche Paris"]
[BlackTeam "Kaltenkirchen"]

1. e4 c5 2. Nc3 Nc6 3. f4 e6 4. Nf3 g6 5. g3 Bg7 6. Bg2 Nge7 7. O-O O-O 8. d3
a6 9. Qe1 b5 10. a3 Bb7 11. Kh1 d5 12. e5 Qc7 13. Ne2 f6 14. exf6 Bxf6 15. c3
Rac8 16. Neg1 Qd7 17. Ne5 Nxe5 18. fxe5 Bg7 19. Nf3 Nf5 20. Bd2 Rf7 21. Ng5
Rff8 22. d4 cxd4 23. cxd4 Nxd4 24. Bc3 Nc2 25. Rxf8+ Rxf8 26. Qb1 Nxa1 27. Qxa1
d4 28. Bb4 Bxg2+ 29. Kxg2 Qd5+ 30. Kh3 Rf5 31. Qc1 Qd7 32. Bd2 Bxe5 33. Kh4 Bf6
34. Kg4 e5 35. h4 Rf1+ 0-1

[Event "Kieler Open 2015 Gruppe B"]
[Site "Kiel"]
[Date "2015.07.28"]
[Round "6.1"]
[White "Arndt, Magnus"]
[Black "Sowa, Kay"]
[Result "1-0"]
[WhiteElo "1587"]
[BlackElo "1689"]
[PlyCount "57"]
[EventDate "2015.??.??"]
[WhiteTeam "Doppelbauer Kiel"]
[BlackTeam "Doppelbauer Kiel"]

1. e4 c6 2. Nc3 d5 3. Nf3 Bg4 4. h3 Bxf3 5. Qxf3 e6 6. d4 dxe4 7. Qxe4 Nf6 8.
Qd3 Be7 9. Be2 Qc7 10. Ne4 Nbd7 11. Nxf6+ Bxf6 12. O-O O-O-O 13. Be3 h5 14. c4
Be7 15. b4 Bxb4 16. Rab1 Be7 17. c5 Nxc5 18. Qa3 Na6 19. Qa4 Kd7 20. Rfc1 Ra8
21. Rxb7 Qxb7 22. Bxa6 Qc7 23. Rxc6 Qxc6 24. Bb5 Qxb5 25. Qxb5+ Kc7 26. Bf4+
Kd8 27. d5 Rc8 28. d6 Bf6 29. d7 1-0